[Event "Petrov Memorial op"]
[Site "St Petersburg"]
[Date "2000.02.08"]
[Round "2"]
[White "Deviatkin, Andrei"]
[Black "Jaghubov, Emin Z"]
[Result "1-0"]
[WhiteElo "2410"]
[BlackElo "2271"]
[PlyCount "131"]
[EventDate "2000.02.05"]
[EventType "swiss"]
[EventRounds "9"]
[EventCountry "RUS"]
[SourceTitle "CBM 076"]
[Source "ChessBase"]
[SourceDate "2000.05.31"]
[SourceVersion "1"]
[SourceVersionDate "2000.05.31"]
[SourceQuality "1"]

1. e4 c5 2. c3 d6 3. d4 Nf6 4. dxc5 Nc6 5. Bc4 Ne5 6. Be2 Bd7 7. Nf3 Nxe4 8. cxd6 Ng4 9. 0-0 e5 10. Nxe5 Nxe5 11. Qd5 Bxd6 12. Qxe4 Bc6 13. Qf5 Qh4 14. Bf4 g6 15. Qg5 Qxg5 16. Bxg5 0-0 17. Rd1 Bc7 18. Nd2 f6 19. Be3 Rfe8 20. Nc4 Bb5 21. Nxe5 Bxe2 22. Rd2 Rxe5 23. Rxe2 Rd8 24. Kf1 a6 25. h3 Rde8 26. Rae1 Kf7 27. Bd4 Rxe2 28. Rxe2 Rd8 29. Rd2 Be5 30. Ke2 Bxd4 31. Rxd4 Re8+ 32. Kd2 Re7 33. Rd6 f5 34. Rb6 Ke8 35. h4 Rc7 36. b3 Rd7+ 37. Kc2 Kf7 38. a4 Re7 39. Kd3 Rd7+ 40. Kc4 Rc7+ 41. Kb4 Ke8 42. c4 Re7 43. g3 Kd8 44. h5 Kc7 45. Rf6 Re5 46. Rf7+ Kc6 47. Rxh7 a5+ 48. Ka3 f4 49. g4 gxh5 50. Rh6+ Kc7 51. Rxh5 Re2 52. Rxa5 Rxf2 53. Rf5 f3 54. Kb4 Rg2 55. Rxf3 Rxg4 56. Kb5 Rg6 57. c5 Rh6 58. b4 Rg6 59. Rf7+ Kc8 60. Rf3 Kc7 61. Rd3 Rh6 62. Rd6 Rh4 63. a5 Rg4 64. a6 bxa6+ 65. Rxa6 Kb7 66. Rh6 1-0

[Event "Chigorin Memorial 07th"]
[Site "St Petersburg"]
[Date "1999.11.03"]
[Round "2"]
[White "Shinkevich, Vitaly"]
[Black "Jaghubov, Emin Z"]
[Result "1-0"]
[WhiteElo "2428"]
[BlackElo "2315"]
[PlyCount "67"]
[EventDate "1999.11.02"]
[EventType "swiss"]
[EventRounds "9"]
[EventCountry "RUS"]
[SourceTitle "CBM 074"]
[Source "ChessBase"]
[SourceDate "2000.02.01"]
[SourceVersion "1"]
[SourceVersionDate "2000.02.01"]
[SourceQuality "1"]

1. d4 d5 2. c4 c6 3. Nf3 e6 4. e3 Bd6 5. Nbd2 f5 6. Be2 Nf6 7. 0-0 0-0 8. Ne5 Nbd7 9. f4 c5 10. a4 b6 11. a5 a6 12. Kh1 Bb7 13. axb6 Qxb6 14. b4 cxb4 15. c5 Nxc5 16. dxc5 Bxc5 17. Nb3 Bxe3 18. Bxe3 Qxe3 19. Rf3 Qb6 20. Qd4 Qxd4 21. Nxd4 Rfe8 22. Ra5 Rac8 23. Rf1 Ne4 24. Ra4 b3 25. Rb4 Nd2 26. Rd1 a5 27. Rxb7 Rb8 28. Ra7 b2 29. Bd3 b1Q 30. Bxb1 Nxb1 31. h3 a4 32. Rc1 Rec8 33. Rxc8+ Rxc8 34. Nxe6 1-0

[Event "Kiev Independence Cup op"]
[Site "Kiev"]
[Date "1999.??.??"]
[Round "?"]
[White "Jaghubov, Emin Z"]
[Black "Burakovsky, Marat"]
[Result "1-0"]
[WhiteElo "2315"]
[BlackElo "2066"]
[PlyCount "61"]
[EventDate "1999.??.??"]
[EventType "swiss"]
[EventRounds "11"]
[EventCountry "UKR"]
[SourceTitle "EXT 2002"]
[Source "ChessBase"]
[SourceDate "2001.11.25"]
[SourceVersion "1"]
[SourceVersionDate "2001.11.25"]
[SourceQuality "1"]

1. d4 d5 2. c4 Nc6 3. Nc3 dxc4 4. Nf3 Bg4 5. d5 Bxf3 6. gxf3 Na5 7. Qa4+ c6 8. b4 b5 9. Nxb5 cxb5 10. Qxb5+ Qd7 11. Qxa5 Rb8 12. e4 e6 13. a3 exd5 14. Qxd5 Qxd5 15. exd5 a5 16. bxa5 c3 17. a6 Bd6 18. a7 Ra8 19. Bb5+ Kd8 20. Be3 Ne7 21. Rc1 Be5 22. f4 Bf6 23. Bb6+ Kc8 24. Ba6+ Kd7 25. Bb7 Rac8 26. 0-0 Kd6 27. Rc2 Ra8 28. Rb1 Rhc8 29. Be3 Kc7 30. Bxa8 Rxa8 31. d6+ 1-0

[Event "Kiev Independence Cup op"]
[Site "Kiev"]
[Date "1999.??.??"]
[Round "?"]
[White "Jaghubov, Emin Z"]
[Black "Kiselev, Alexander"]
[Result "1/2-1/2"]
[WhiteElo "2315"]
[BlackElo "2158"]
[PlyCount "85"]
[EventDate "1999.??.??"]
[EventType "swiss"]
[EventRounds "11"]
[EventCountry "UKR"]
[SourceTitle "EXT 2002"]
[Source "ChessBase"]
[SourceDate "2001.11.25"]
[SourceVersion "1"]
[SourceVersionDate "2001.11.25"]
[SourceQuality "1"]

1. d4 Nf6 2. Bg5 Ne4 3. Bh4 d5 4. f3 Nf6 5. Nd2 c6 6. c3 Bf5 7. e4 dxe4 8. Bxf6 e3 9. Bh4 exd2+ 10. Qxd2 Qa5 11. Bc4 e6 12. Ne2 h6 13. Ng3 Be7 14. Bxe7 Kxe7 15. b4 Qc7 16. Nxf5+ exf5 17. Qe2+ Kf6 18. 0-0 Nd7 19. f4 g6 20. Rae1 Qd6 21. Bb3 Rhe8 22. Qc4 Re7 23. Rxe7 Qxe7 24. d5 Qe3+ 25. Kh1 Nb6 26. Qd4+ Qxd4 27. cxd4 cxd5 28. Rc1 Ke6 29. Rc7 Rc8 30. Rc5 Rxc5 31. dxc5 Nc4 32. Kg1 Nb2 33. g3 Nd3 34. a3 b6 35. c6 f6 36. Bxd5+ Kd6 37. b5 g5 38. Kf1 Nb2 39. Ke2 Na4 40. Kd3 a6 41. bxa6 Nc5+ 42. Kc4 Nxa6 43. Bg2 1/2-1/2

[Event "Kiev Independence Cup op"]
[Site "Kiev"]
[Date "1999.??.??"]
[Round "?"]
[White "Shianovsky, Vladislav I"]
[Black "Jaghubov, Emin Z"]
[Result "1/2-1/2"]
[WhiteElo "2328"]
[BlackElo "2315"]
[PlyCount "146"]
[EventDate "1999.??.??"]
[EventType "swiss"]
[EventRounds "11"]
[EventCountry "UKR"]
[SourceTitle "EXT 2002"]
[Source "ChessBase"]
[SourceDate "2001.11.25"]
[SourceVersion "1"]
[SourceVersionDate "2001.11.25"]
[SourceQuality "1"]

1. e4 c5 2. Nf3 Nc6 3. Bb5 g6 4. 0-0 Bg7 5. Re1 e5 6. c3 Nge7 7. d3 0-0 8. Be3 d6 9. a4 h6 10. d4 cxd4 11. cxd4 Bg4 12. d5 Nd4 13. Nbd2 Nxf3+ 14. Nxf3 f5 15. h3 Bh5 16. Be2 g5 17. exf5 Nxf5 18. Nd2 Nxe3 19. fxe3 Bg6 20. Bh5 Bd3 21. Be2 Bh7 22. Qb3 Qa5 23. Nc4 Qc5 24. Qxb7 Rab8 25. Qa6 Rb3 26. Qxd6 Qxd6 27. Nxd6 Rxb2 28. Bf3 Rd8 29. Nc4 Rb4 30. Rac1 Bd3 31. Na5 Rxa4 32. Nc6 Rd6 33. e4 Bf6 34. Ra1 Rxa1 35. Rxa1 a6 36. Kf2 Kg7 37. Ke3 Bb5 38. Be2 Bxc6 39. Rxa6 Bd8 40. dxc6 Bc7 41. Bc4 Kf8 42. Bd5 Rf6 43. Ra8+ Ke7 44. Rh8 Bb6+ 45. Kd3 Bc7 46. Rh7+ Kd8 47. Kc4 g4 48. h4 g3 49. Rg7 Rf4 50. Rxg3 Rxh4 51. Rg8+ Ke7 52. Rg7+ Kd8 53. Kd3 Rf4 54. Kc4 Rf1 55. Kd3 Rf4 56. Rg8+ Ke7 57. Rc8 Kd6 58. Rg8 Ke7 59. Kc4 Rf1 60. Rg7+ Kd8 61. g4 Rf6 62. Kc5 Rf1 63. Rg6 Rg1 64. Rg8+ Ke7 65. Rg7+ Kd8 66. Rd7+ Kc8 67. Be6 Rc1+ 68. Kb5 Rb1+ 69. Ka4 Kb8 70. Rh7 Rh1 71. Bf5 Rh4 72. Kb5 Rh1 73. Ka4 Rh4 1/2-1/2